Vademecum metabolicum (Registro nro. 4130)

Detalles MARC
000 -CABECERA
campo de control de longitud fija 01324nam a2200349 b 4500
001 - NÚMERO DE CONTROL
campo de control bimo0001716162
003 - IDENTIFICADOR DEL NÚMERO DE CONTROL
campo de control SpMaBN
005 - FECHA Y HORA DE LA ÚLTIMA TRANSACCIÓN
campo de control 20181123100931.0
008 - DATOS DE LONGITUD FIJA--INFORMACIÓN GENERAL
campo de control de longitud fija 011001s2001 gw | ||| ||spa
016 7# - NÚMERO DE CONTROL DE UNA AGENCIA BIBLIOGRÁFICA NACIONAL
Número de control del registro bimoBNE20010866167
Fuente SpMaBN
017 ## - NÚMERO DE COPYRIGHT O DE DEPÓSITO LEGAL
Número de copyright o de depósito legal C 752-2001
Agencia que asigna Oficina Depósito Legal Coruña
020 ## - NÚMERO INTERNACIONAL ESTÁNDAR DEL LIBRO
Número Internacional Estándar del Libro 3794520394
035 ## - NÚMERO DE CONTROL DEL SISTEMA
Número de control de sistema (OCoLC)434347992
040 ## - FUENTE DE LA CATALOGACIÓN
Centro catalogador/agencia de origen SpMaBN
Centro/agencia transcriptor AR-RoIUNI
041 1# - CÓDIGO DE LENGUA
Código de lengua del texto/banda sonora o título independiente spa
Código de lengua original engger
080 #0 - NÚMERO DE LA CLASIFICACIÓN DECIMAL UNIVERSAL
Número de la Clasificación Decimal Universal 616-053.2 ZSC
100 1# - ENTRADA PRINCIPAL--NOMBRE DE PERSONA
Nombre de persona Zschocke, Johannes
245 10 - MENCIÓN DE TÍTULO
Título Vademecum metabolicum
Resto del título MAnual of metabolic paediatrics
Mención de responsabilidad, etc. Johannes Zschocke, Georg F. Hoffmann ; en colaboración con Claude Bachmann ... [et al.] ; prólogo por James W. Leonard ; [traducción, Natalia Vázquez]
250 ## - MENCIÓN DE EDICIÓN
Mención de edición 1a. ed. en Ingles
260 ## - PUBLICACIÓN, DISTRIBUCIÓN, ETC. (PIE DE IMPRENTA)
Lugar de publicación, distribución, etc. Friedrichsdorf
Nombre del editor, distribuidor, etc. Milupa
Fecha de publicación, distribución, etc. 1999
300 ## - DESCRIPCIÓN FÍSICA
Extensión 112 p.
Dimensiones 18 cm
500 ## - NOTA GENERAL
Nota general Índice
650 #7 - PUNTO DE ACCESO ADICIONAL DE MATERIA--TÉRMINO DE MATERIA
Término de materia o nombre geográfico como elemento inicial Metabolismo
Subdivisión general Trastornos en niños
Fuente del encabezamiento o término embne
650 10 - PUNTO DE ACCESO ADICIONAL DE MATERIA--TÉRMINO DE MATERIA
Término de materia o nombre geográfico como elemento inicial Pediatría
9 (RLIN) 125
700 10 - PUNTO DE ACCESO ADICIONAL--NOMBRE DE PERSONA
Nombre de persona Hoffmann, Georg F.
740 01 - PUNTO DE ACCESO ADICIONAL--TÍTULO RELACIONADO O ANALÍTICO NO CONTROLADO
Título relacionado o analítico no controlado Manual de enfermedades pediátricas por errores congénitos del metabolismo.
942 ## - ELEMENTOS DE PUNTO DE ACCESO ADICIONAL (KOHA)
Fuente del sistema de clasificación o colocación Clasificación Decimal Universal
Tipo de ítem Koha Libros
956 ## - LOCALIZACIÓN Y ACCESO ELECTRÓNICOS LOCAL (OCLC)
Nombre del host 2
980 ## - EQUIVALENCIA O REFERENCIA-CRUZADA-MENCIÓN DE SERIE--NOMBRE DE PERSONA/TÍTULO [LOCAL, CANADÁ]
Nombre de persona C 752-2001
-- 3-7945-2039-4
-- M-BN
Numeración BNALCALA
Calificador de atribución 12/94005
Títulos y otros términos asociados al nombre ALCALA
980 ## - EQUIVALENCIA O REFERENCIA-CRUZADA-MENCIÓN DE SERIE--NOMBRE DE PERSONA/TÍTULO [LOCAL, CANADÁ]
Nombre de persona C 752-2001
-- 3-7945-2039-4
-- M-BN
Numeración BNALCALA
Calificador de atribución AHM/540859
Títulos y otros términos asociados al nombre SALA_ALC
980 ## - EQUIVALENCIA O REFERENCIA-CRUZADA-MENCIÓN DE SERIE--NOMBRE DE PERSONA/TÍTULO [LOCAL, CANADÁ]
Nombre de persona C 752-2001
-- 3-7945-2039-4
-- M-BN
Numeración BNALCALA
Calificador de atribución DL/1084659
Títulos y otros términos asociados al nombre CONSERVACI
Existencias
Estado de retiro Estado de pérdida Fuente del sistema de clasificación o colocación Estado dañado Excepción de préstamo Código de colección Localización permanente Ubicación/localización actual Ubicación en estantería Fecha de adquisición Número de inventario Total de préstamos Signatura topográfica completa Código de barras Fecha visto por última vez Precio válido a partir de Tipo de ítem Koha
    Clasificación Decimal Universal     Medicina BIBLIOTECA CENTRAL BIBLIOTECA CENTRAL BIBLIOTECA CENTRAL 23/11/2018 4533   616-053.2 ZSC 4533c 23/11/2018 23/11/2018 Libros